[Event "Vrnjacka Banja"]
[Site "Vrnjacka Banja"]
[Date "1984.??.??"]
[Round "?"]
[White "Tosic, Miroslav"]
[Black "Sahovic, Dragutin"]
[Result "1/2-1/2"]
[WhiteElo "2350"]
[BlackElo "2425"]

1.e4 e5 2.Nf3 Nc6 3.Bb5 a6 4.Ba4 Nf6 5.O-O Be7 6.Re1 b5 7.Bb3 d6 8.c3 O-O
9.h3 Nb8 10.d4 Nbd7 11.Bg5 Bb7 12.Nbd2 h6 13.Bh4 Re8  1/2-1/2

[Event "Vrnjacka Banja"]
[Site "Vrnjacka Banja"]
[Date "1984.??.??"]
[Round "?"]
[White "Martinovic, Slobodan"]
[Black "Sahovic, Dragutin"]
[Result "1/2-1/2"]
[WhiteElo "2460"]
[BlackElo "2425"]

1.e4 e5 2.Nf3 Nc6 3.Bb5 a6 4.Ba4 Nf6 5.O-O Be7 6.Re1 b5 7.Bb3 d6 8.c3 O-O
9.h3 Nb8 10.d4 Nbd7 11.dxe5 dxe5 12.Bg5 Bb7 13.Nbd2 Nh5 14.Bxe7 Qxe7  1/2-1/2

[Event "Baden-Baden"]
[Site "Baden-Baden"]
[Date "1985.??.??"]
[Round "3"]
[White "Janssen, Han"]
[Black "Smejkal, Jan"]
[Result "0-1"]
[WhiteElo "2295"]
[BlackElo "2565"]

1.e4 e5 2.Nf3 Nc6 3.Bb5 a6 4.Ba4 Nf6 5.O-O Be7 6.Re1 b5 7.Bb3 d6 8.c3 O-O
9.h3 Nb8 10.d4 Nbd7 11.Bg5 Bb7 12.Nbd2 h6 13.Bh4 Re8 14.Bg3 Bf8 15.Nh4 c5
16.dxe5 dxe5 17.c4 Nb8 18.Nf5 Nc6 19.Ne3 Nd4 20.Nd5 Nxd5 21.exd5 f6 22.Ne4 bxc4
23.Ba4 Re7 24.d6 Rf7 25.f4 Bxd6 26.fxe5 Bxe5 27.Bxe5 fxe5 28.Nxc5 Nf3+ 29.Kh1 Nxe1
30.Qxe1 Qd5 31.Nxb7 Qxb7 32.Qxe5 Raf8 33.Rg1 Kh8 34.Qc5 Qc7 35.Qd4 Rf4 36.Qc3 Rf1
37.Qd4 Qf4 38.Qc5 Qf2 39.b4 Rxg1+  0-1

[Event "Borgarnes"]
[Site "Borgarnes"]
[Date "1985.??.??"]
[Round "5"]
[White "Sigurjonsson, Gudmundur"]
[Black "Thorsteins, Karl"]
[Result "1/2-1/2"]
[WhiteElo "2485"]
[BlackElo "2400"]

1.e4 e5 2.Nf3 Nc6 3.Bb5 a6 4.Ba4 Nf6 5.O-O Be7 6.Re1 b5 7.Bb3 d6 8.c3 O-O
9.h3 Nb8 10.d4 Nbd7 11.Nbd2 Bb7 12.a3 c5 13.Bc2 Re8 14.b3 Bf8 15.d5 g6 16.Nf1 Nb6
17.a4 bxa4 18.bxa4 a5 19.Rb1 Ba6 20.Bg5  1/2-1/2

[Event "Oslo"]
[Site "Oslo"]
[Date "1985.??.??"]
[Round "?"]
[White "Bator, Robert"]
[Black "Bergstad, Odd Oyvind"]
[Result "1-0"]
[WhiteElo "2380"]
[BlackElo "2200"]

1.e4 e5 2.Nf3 Nc6 3.Bb5 a6 4.Ba4 Nf6 5.O-O Be7 6.Re1 b5 7.Bb3 d6 8.h3 O-O
9.c3 Nb8 10.d4 Nbd7 11.a4 Bb7 12.axb5 axb5 13.Rxa8 Qxa8 14.Bg5 h6 15.Bxf6 Nxf6
16.Nbd2 Nxe4 17.Nxe4 Bxe4 18.dxe5 Bxf3 19.Qxf3 Qxf3 20.gxf3 c5 21.f4 c4 22.Bc2 Ra8
23.Kg2 Ra2 24.Re2 dxe5 25.Bb1 Ra1 26.Bf5 g6 27.Bd7 b4 28.fxe5 bxc3 29.bxc3 Rc1
30.Re3 Bg5 31.Rf3 Re1 32.Be8 f6 33.exf6 Re6 34.Bb5 Rxf6 35.Bxc4+ Kg7 36.Rd3 Rc6
37.Bd5 Rc7 38.c4 Be7 39.Re3 Bc5 40.Re6 Re7 41.Rc6 Bd4 42.Kf1 Ra7 43.Be4 Ra1+
44.Ke2 Ra2+ 45.Kd3 Bxf2 46.Rxg6+ Kf7 47.Rxh6 Ra3+ 48.Ke2 Re3+ 49.Kxf2 Rxe4
50.c5 Rc4 51.c6 Rc3 52.h4 Ke7 53.c7 Kd7 54.Rh7+ Kc8 55.Kg2 Kb7 56.h5 Kc8
57.Rg7 Rc2+ 58.Kg3 Rc3+ 59.Kg4 Rc1 60.h6  1-0

[Event "SVK-ch"]
[Site "Piestany"]
[Date "1985.??.??"]
[Round "7"]
[White "Matejov, J."]
[Black "Majzlan, Igor"]
[Result "1/2-1/2"]
[WhiteElo "2200"]
[BlackElo "2200"]

1.e4 e5 2.Nf3 Nc6 3.Bb5 a6 4.Ba4 Nf6 5.O-O Be7 6.Re1 b5 7.Bb3 d6 8.c3 O-O
9.h3 Nb8 10.d3 Nbd7 11.Be3 Bb7 12.Nbd2 c5 13.Qe2 Qc7 14.Nf1 d5 15.exd5 Nxd5
16.Bd2 Bd6 17.Ng5 N7f6 18.Ng3 Qc6 19.N5e4 Bc7 20.Nf5 Kh8 21.Qf3 Nxe4 22.dxe4 Nf6
23.Bc2 Nd7 24.Bg5 f6 25.Be3 c4 26.Rad1 Rf7 27.Rd2 Nc5 28.Bxc5 Qxc5 29.Red1 Bc6
30.Nd6 Rff8 31.Qf5 Bxd6 32.Rxd6 Rae8 33.h4 Bb7 34.h5 Bc8 35.Qf3 h6 36.Qg3 Qc7
37.Qg6 Rd8 38.Rxd8 Rxd8 39.Rxd8+ Qxd8 40.Qf7 Qd7 41.Qxd7 Bxd7 42.f3 Kg8 43.Kf2 Kf8
44.Ke3 Ke7 45.Bd1 Kd6 46.g4 Kc5 47.Kd2 a5 48.Bc2 b4 49.Bd1  1/2-1/2

[Event "Bohemians"]
[Site "Prague"]
[Date "1985.??.??"]
[Round "?"]
[White "Mokry, Karel"]
[Black "Vatnikov, Josif E"]
[Result "1/2-1/2"]
[WhiteElo "2490"]
[BlackElo "2200"]

1.e4 e5 2.Nf3 Nc6 3.Bb5 a6 4.Ba4 Nf6 5.O-O Be7 6.Re1 b5 7.Bb3 d6 8.c3 O-O
9.h3 Nb8 10.d4 Nbd7 11.Nbd2 Bb7 12.Bc2 Re8 13.Nf1 d5 14.exd5 exd4 15.Nxd4 Nxd5
16.Qg4 g6 17.Bh6 Bf8 18.Bxf8  1/2-1/2

[Event "Prague zt"]
[Site "Prague"]
[Date "1985.??.??"]
[Round "5"]
[White "Grigorov, Jordan N"]
[Black "Ermenkov, Evgenij"]
[Result "1/2-1/2"]
[WhiteElo "2435"]
[BlackElo "2515"]

1.e4 e5 2.Nf3 Nc6 3.Bb5 a6 4.Ba4 Nf6 5.O-O Be7 6.Re1 b5 7.Bb3 d6 8.c3 O-O
9.h3 Nb8 10.d4 Nbd7 11.Nbd2 Bb7 12.Bc2 Re8 13.Nf1 Bf8 14.Ng3 g6 15.a4 Bg7
16.Bd3 c6 17.b3 d5 18.Nxe5 Nxe5 19.dxe5 Nxe4 20.Bxe4 dxe4 21.Bf4  1/2-1/2

[Event "Trencianske Teplice"]
[Site "Trencianske Teplice"]
[Date "1985.??.??"]
[Round "1"]
[White "Vokac, Marek"]
[Black "Smejkal, Jan"]
[Result "1-0"]
[WhiteElo "2360"]
[BlackElo "2565"]

1.e4 e5 2.Nf3 Nc6 3.Bb5 a6 4.Ba4 Nf6 5.O-O Be7 6.Re1 b5 7.Bb3 d6 8.c3 O-O
9.h3 Nb8 10.d4 Nbd7 11.Nbd2 Bb7 12.Bc2 Re8 13.Nf1 Bf8 14.Ng3 g6 15.a4 Bg7
16.Bd3 c6 17.Bg5 h6 18.Be3 Qc7 19.Qd2 Kh7 20.dxe5 dxe5 21.c4 bxc4 22.Bxc4 Nf8
23.Bc5 Rad8 24.Qb4 Rd7 25.Bb6 Qc8 26.Qa5 Ng8 27.h4 Bf6 28.Rad1 Kg7 29.h5 Nh7
30.Be2 Rxd1 31.Rxd1 Ng5 32.Bc7 Nxf3+ 33.Bxf3 Qe6 34.Qb6 Qc8 35.Qa5 Qe6 36.hxg6 fxg6
37.Rd6 Qc8 38.Nf1 h5 39.Ne3 Re6 40.Nc4 Qe8 41.Rxe6 Qxe6 42.Nd6 Bc8 43.Be2 Bd7
44.Qxa6 Qa2 45.Qc4 Qa1+ 46.Bf1 Nh6 47.a5 Qxb2 48.Qe2 Qa1 49.a6 Be7 50.Qd2 Ng4
51.Qa5 Qd4 52.Bb6 Qxd6 53.a7 c5 54.Bxc5 Qf6 55.a8=Q Qh4 56.Bc4 Qh2+ 57.Kf1  1-0

[Event "Berlin op"]
[Site "Berlin-West"]
[Date "1986.??.??"]
[Round "?"]
[White "Jansa, Vlastimil"]
[Black "Boesken, Clemens Peter"]
[Result "1-0"]
[WhiteElo "2475"]
[BlackElo "2250"]

1.e4 e5 2.Nf3 Nc6 3.Bb5 a6 4.Ba4 Nf6 5.O-O Be7 6.Re1 b5 7.Bb3 d6 8.c3 O-O
9.h3 Nb8 10.d4 Nbd7 11.Nbd2 Bb7 12.Bc2 Re8 13.Nf1 Bf8 14.Ng3 g6 15.a4 c5
16.d5 c4 17.Bg5 h6 18.Be3 Nc5 19.Qd2 Kh7 20.Nh2 Bg7 21.Rf1 Nxa4 22.Bxa4 bxa4
23.Rxa4 a5 24.Rfa1 Bc8 25.Qe2 Bd7 26.R4a2 Qc7 27.Nf3 Bb5 28.Nd2 Nd7 29.Ra3 Reb8
30.Kh2 a4 31.R3a2 Nc5 32.Bxc5 Qxc5 33.Nb1 Bf6 34.Na3 Ba6 35.Nf1 Bg5 36.Nc2 Bb5
37.Nd2 Rc8 38.g3 Kg7 39.Rf1 Ra7 40.f4 Bd8 41.f5 Bb6 42.Raa1 Qc7 43.Rf3 Qd7
44.Raf1 Qd8 45.h4 Qd7 46.Nb1 Qd8 47.Nba3 Be8 48.fxg6 fxg6 49.Rf8 Rac7 50.Nb5 Rc5
51.Rxe8 Qxe8 52.Nxd6 Qd7 53.Nxc8 Rxc8 54.Nb4 Bc5 55.Nc6 Rxc6 56.dxc6 Qxc6
57.h5 Qe6 58.hxg6 Kxg6 59.Rf5 Kg7 60.Qh5  1-0

[Event "CSR-ch"]
[Site "Prague"]
[Date "1986.??.??"]
[Round "1"]
[White "Plachetka, Jan"]
[Black "Banas, Jan"]
[Result "1/2-1/2"]
[WhiteElo "2430"]
[BlackElo "2395"]

1.e4 e5 2.Nf3 Nc6 3.Bb5 a6 4.Ba4 Nf6 5.O-O Be7 6.Re1 b5 7.Bb3 d6 8.c3 O-O
9.h3 Nb8 10.d4 Nbd7 11.Nbd2 Bb7 12.Bc2 Re8 13.Nf1 Bf8 14.Ng3 g6 15.a4 Bg7
16.b3 c6 17.Ba3 Bf8 18.Qd2  1/2-1/2

[Event "URS-ch sf"]
[Site "Sevastopol"]
[Date "1986.??.??"]
[Round "?"]
[White "Kruppa, Yuri"]
[Black "Agzamov, Georgy"]
[Result "1-0"]
[WhiteElo "2445"]
[BlackElo "2545"]

1.e4 e5 2.Nf3 Nc6 3.Bb5 a6 4.Ba4 Nf6 5.O-O Be7 6.Re1 b5 7.Bb3 d6 8.c3 O-O
9.h3 Nb8 10.d4 Nbd7 11.Nbd2 Bb7 12.Bc2 Re8 13.Nf1 Bf8 14.Ng3 g6 15.a4 c6
16.Bg5 h6 17.Be3 Qc7 18.Qd2 Kh7 19.Bd3 Bg7 20.dxe5 dxe5 21.c4 bxa4 22.c5 Nf8
23.Rxa4 Red8 24.Qc2 Ne6 25.Rea1 Nd7 26.Bf1 a5 27.Qc3 Bf8 28.Rxa5 Nexc5 29.Bc4 Ne6
30.Rxa8 Rxa8 31.Rxa8 Bxa8 32.Bxe6 fxe6 33.Qc4 Qd6 34.Qa6 Qb8 35.Qa2 Qe8 36.Qa7 Bd6
37.Nd2 Bf8 38.Nc4 Bg7 39.Nd6 Qd8 40.Nc4 Kg8 41.Bb6  1-0

[Event "Solingen"]
[Site "Solingen"]
[Date "1986.??.??"]
[Round "?"]
[White "Ostermeyer, Peter"]
[Black "Spassky, Boris V"]
[Result "1/2-1/2"]
[WhiteElo "2455"]
[BlackElo "2620"]

1.e4 e5 2.Nf3 Nc6 3.Bb5 a6 4.Ba4 Nf6 5.O-O Be7 6.Re1 b5 7.Bb3 d6 8.c3 O-O
9.h3 Nb8 10.d4 Nbd7 11.Nbd2 Bb7 12.Bc2 Re8 13.Nf1 Bf8 14.Ng3 g6 15.a4 c5
16.d5 c4 17.Bg5 Be7 18.Qd2 Nc5 19.axb5 axb5 20.Bh6 Nfd7  1/2-1/2

[Event "Solingen"]
[Site "Solingen"]
[Date "1986.??.??"]
[Round "?"]
[White "Ostermeyer, Peter"]
[Black "Kavalek, Lubomir"]
[Result "1/2-1/2"]
[WhiteElo "2455"]
[BlackElo "2555"]

1.e4 e5 2.Nf3 Nc6 3.Bb5 a6 4.Ba4 Nf6 5.O-O Be7 6.Re1 b5 7.Bb3 d6 8.c3 O-O
9.h3 Nb8 10.d4 Nbd7 11.Nbd2 Bb7 12.a4 c5 13.d5 c4 14.Bc2 Nc5  1/2-1/2

[Event "Debrecen"]
[Site "Debrecen"]
[Date "1987.??.??"]
[Round "1"]
[White "Horvath, Jozsef"]
[Black "Horvath, Csaba"]
[Result "1/2-1/2"]
[WhiteElo "2470"]
[BlackElo "2425"]

1.e4 e5 2.Nf3 Nc6 3.Bb5 a6 4.Ba4 Nf6 5.O-O Be7 6.Re1 b5 7.Bb3 d6 8.c3 O-O
9.h3 Nb8 10.d4 Nbd7 11.Nbd2 Bb7 12.Bc2 c5 13.Nf1 Re8 14.Ng3 Bf8 15.d5 g6
16.a4 c4 17.Bg5 h6 18.Be3 Kh7 19.Qd2 Nc5 20.Nh2 Nfd7 21.Rf1 h5 22.f4 exf4
23.Bxf4 Kg8  1/2-1/2

[Event "Bundesliga 8687"]
[Site "Germany"]
[Date "1987.??.??"]
[Round "?"]
[White "Junge, Ralf"]
[Black "Boesken, Clemens Peter"]
[Result "1/2-1/2"]
[WhiteElo "2340"]
[BlackElo "2240"]

1.e4 e5 2.Nf3 Nc6 3.Bb5 a6 4.Ba4 Nf6 5.O-O Be7 6.Re1 b5 7.Bb3 d6 8.c3 O-O
9.h3 Nb8 10.d4 Nbd7 11.Nbd2 Bb7 12.Bc2 Re8 13.Nf1 Bf8 14.Ng3 g6 15.a4 c5
16.d5 c4 17.Bg5 h6 18.Be3 Nc5 19.Qd2 Kh7 20.Nh2 Bg7 21.Kh1 Nfd7 22.Rf1 Qe7
23.Ra3 Rf8 24.Rfa1 Nb6 25.axb5 axb5 26.Rxa8 Rxa8 27.Rxa8 Bxa8 28.f4 exf4
29.Bxf4 Nbd7 30.Nf3 Ne5 31.Nxe5 dxe5 32.Be3 Bf8 33.Qf2 Na6 34.Qf1 Bb7 35.b3 cxb3
36.Bxb3 Qd7 37.Qf6 Bg7 38.Qb6 Bc8 39.Bc2 Qc7 40.Qxc7 Nxc7 41.Bb6 Ne8 42.Bd3 Bd7
43.Bc5 Kg8 44.c4 bxc4 45.Bxc4  1/2-1/2

[Event "Oslo"]
[Site "Oslo"]
[Date "1987.??.??"]
[Round "?"]
[White "Hoen, Ragnar"]
[Black "Elseth, Roar"]
[Result "1/2-1/2"]
[WhiteElo "2285"]
[BlackElo "2305"]

1.e4 e5 2.Nf3 Nc6 3.Bb5 a6 4.Ba4 Nf6 5.O-O Be7 6.Re1 b5 7.Bb3 d6 8.c3 O-O
9.h3 Nb8 10.d4 Nbd7 11.Nbd2 Bb7 12.Bc2 Re8 13.Nf1 Bf8 14.Ng3 g6 15.a4 c5
16.Bg5 h6 17.dxe5 hxg5 18.exf6 Qxf6 19.Qd2 Be7 20.Nf1 Ne5 21.Nxe5 dxe5 22.Ne3 Rad8
23.Qe2 c4 24.axb5 axb5 25.b3 Bc5 26.bxc4 bxc4 27.Rab1 Bxe3 28.Qxe3 Bc8 29.Red1 Be6
30.Ba4 Rxd1+ 31.Bxd1 Rc8 32.Bg4 Bxg4 33.hxg4 Rd8 34.Qc5 Qe6 35.f3 Rc8 36.Qe3 Qe7
37.Kf2 Rd8 38.Kg3 Qf6 39.Kf2 Rd3 40.Rb8+ Rd8  1/2-1/2

[Event "Pancevo"]
[Site "Pancevo"]
[Date "1987.??.??"]
[Round "?"]
[White "Geller, Efim P"]
[Black "Nikolic, Sava N"]
[Result "1-0"]
[WhiteElo "2515"]
[BlackElo "2335"]

1.e4 e5 2.Nf3 Nc6 3.Bb5 a6 4.Ba4 Nf6 5.O-O Be7 6.Re1 b5 7.Bb3 d6 8.c3 O-O
9.h3 Nb8 10.d4 Nbd7 11.Nbd2 Bb7 12.Bc2 Re8 13.Nf1 Bf8 14.Ng3 g6 15.a4 c6
16.Be3 Qc7 17.Qd2 Bg7 18.Bh6 Nf8 19.Rad1 Ne6 20.axb5 axb5 21.Bb3 c5 22.Bxe6 Rxe6
23.Bxg7 Kxg7 24.d5 Ree8 25.Nf5+ Kh8 26.Qh6 Nh5 27.Nxd6 Rf8 28.Nxb7 f6 29.Nxc5 Qxc5
30.Qe3 Qc4 31.Ra1 Qb3 32.Qd2 Nf4 33.Kh2 Qc4 34.g3 Nd3 35.Rxa8 Rxa8 36.Re3 Nc5
37.Qe2 Qb3 38.Qd2 Qc4 39.Qe2 Qb3 40.Ne1 Ra2 41.Nd3 Nxd3 42.Rxd3 Rxb2 43.Rd2 Rxd2
44.Qxd2 Kg7 45.d6 Qg8 46.d7 Qd8 47.Qd6  1-0

[Event "Philadelphia op"]
[Site "Philadelphia"]
[Date "1987.??.??"]
[Round "?"]
[White "Byrne, Robert E"]
[Black "Lief, Adam"]
[Result "1-0"]
[WhiteElo "2495"]
[BlackElo "2280"]

1.e4 e5 2.Nf3 Nc6 3.Bb5 a6 4.Ba4 Nf6 5.O-O Be7 6.Re1 b5 7.Bb3 O-O 8.c3 d6
9.h3 Nb8 10.d4 Nbd7 11.c4 c6 12.Nbd2 Bb7 13.Bc2 Re8 14.b3 Bf8 15.Bb2 Qc7
16.Bd3 g6 17.Qc2 Rac8 18.a4 Qb6 19.b4 Bg7 20.axb5 cxb5 21.Qb3 Nh5 22.cxb5 axb5
23.Ra5 Ba6 24.Rea1 Nb8 25.d5 Re7 26.Nb1 Bh6 27.Nc3 Nf4 28.Bf1 Rec7 29.Qa3 Bf8
30.Nd1 Ra7 31.Qe3 Rb7 32.Qxb6 Rxb6 33.g3 Nh5 34.Bc1 Bb7 35.Be3 Ra6 36.Bxb5 Rxa5
37.Rxa5 Rc7 38.Ra7 Re7 39.Nxe5 dxe5 40.d6 Re6 41.Rxb7 Rxd6 42.Nc3 Nc6 43.Nd5 Nd4
44.Be8 f5 45.exf5 Nxf5 46.Bc5 Rd8 47.Bf7+ Kh8 48.g4  1-0

[Event "Warsaw zt-A"]
[Site "Warsaw"]
[Date "1987.??.??"]
[Round "?"]
[White "Sax, Gyula"]
[Black "Hazai, Laszlo"]
[Result "1/2-1/2"]
[WhiteElo "2570"]
[BlackElo "2465"]

1.e4 e5 2.Nf3 Nc6 3.Bb5 a6 4.Ba4 Nf6 5.O-O Be7 6.Re1 b5 7.Bb3 O-O 8.c3 d6
9.h3 Nb8 10.d4 Nbd7 11.Nbd2 Bb7 12.Bc2 Re8 13.Nf1 Bf8 14.Ng3 g6 15.a4 c5
16.d5 c4 17.Bg5 h6 18.Be3 Bg7 19.Qd2 Kh7 20.Ra3  1/2-1/2

[Event "Wch U20"]
[Site "Adelaide"]
[Date "1988.??.??"]
[Round "6"]
[White "Rachels, Stuart"]
[Black "Ballmann, Martin"]
[Result "1-0"]
[WhiteElo "2350"]
[BlackElo "2275"]

1.e4 e5 2.Nf3 Nc6 3.Bb5 a6 4.Ba4 Nf6 5.O-O Be7 6.Re1 b5 7.Bb3 O-O 8.c3 d6
9.h3 Nb8 10.d4 Nbd7 11.Nbd2 Bb7 12.Bc2 Re8 13.Nf1 Bf8 14.Ng3 g6 15.a4 c5
16.d5 c4 17.Bg5 h6 18.Be3 Qc7 19.Qd2 Kh7 20.Nh2 Bg7 21.Ng4 Ng8 22.f4 exf4
23.Bxf4 Ne5 24.Nxe5 Bxe5 25.Rf1 Kg7 26.Rf3 Bxf4 27.Qxf4 Re5 28.Raf1 Rf8 29.Ne2 Bc8
30.Nd4 Bd7 31.axb5 axb5 32.Qh4 f6 33.Qf2 Qc5 34.Ra1 Rf7 35.Ra6 Ne7 36.Rg3 Rg5
37.h4 Rg4 38.Rxg4 Bxg4 39.Qf4 Bc8 40.Qxd6 Qxd6 41.Rxd6 f5 42.e5  1-0

[Event "URS-ch otbor56"]
[Site "Barnaul"]
[Date "1988.??.??"]
[Round "?"]
[White "Kudriashov, Anatoli"]
[Black "Neverov, Valeriy"]
[Result "0-1"]
[WhiteElo "2390"]
[BlackElo "2440"]

1.e4 e5 2.Nf3 Nc6 3.Bb5 a6 4.Ba4 Nf6 5.O-O Be7 6.Re1 b5 7.Bb3 d6 8.c3 O-O
9.h3 Nb8 10.d3 Nbd7 11.Nbd2 Bb7 12.Nf1 Nc5 13.Bc2 Re8 14.Ng3 Bf8 15.b4 Ncd7
16.a4 c5 17.Rb1 cxb4 18.cxb4 d5 19.a5 Rc8 20.Bd2 Rc7 21.Bb3 Qa8 22.Qe2 h6
23.Nh2 g6 24.Ng4 Nxg4 25.Qxg4 Bg7 26.Rbc1 Rxc1 27.Rxc1 Nf6 28.Qf3 Re7 29.Re1 Kh7
30.Qe2 Qc8 31.Be3 Rd7 32.Bb6 Qe8 33.Qb2 h5 34.f3 d4 35.Ne2 h4 36.Rf1 Nh5
37.f4 exf4 38.Nxf4 Ng3 39.Rc1 Qb8 40.Nd5 Bxd5 41.Bxd5 Qe5 42.Bc6 Rd6 43.Bc7 Bh6
44.Re1 Qf6 45.Ba8 Be3+ 46.Kh2 Nf1+ 47.Kh1 Ng3+ 48.Kh2 Qf4 49.Bxd6 Nf1+ 50.Kh1 Ng3+
51.Kh2 Qxd6 52.e5 Qxe5 53.Rxe3 Qxe3 54.Qb1 Ne2 55.Bf3 Nf4 56.Bb7 Qg3+ 57.Kh1 Nxd3
58.Qf1 Nf2+ 59.Kg1 Nxh3+ 60.Kh1 Nf2+ 61.Kg1 h3  0-1

[Event "Texta"]
[Site "Budapest"]
[Date "1988.??.??"]
[Round "?"]
[White "Tatai, Stefano"]
[Black "Dorfman, Josif D"]
[Result "1/2-1/2"]
[WhiteElo "2365"]
[BlackElo "2540"]

1.e4 e5 2.Nf3 Nc6 3.Bb5 a6 4.Ba4 Nf6 5.O-O Be7 6.Re1 b5 7.Bb3 d6 8.c3 O-O
9.h3 Nb8 10.d4 Nbd7 11.Nbd2 Bb7 12.Bc2 Re8 13.Nf1 Bf8 14.Ng3 g6 15.a4 c5
16.d5 c4 17.Bg5 h6 18.Be3 Nc5 19.Qd2 h5 20.Bg5 Be7 21.Ra3 Nfd7 22.Bxe7 Qxe7
23.Rea1 Kg7 24.axb5 axb5 25.Rxa8 Rxa8 26.Rxa8 Bxa8 27.Qd1 Bb7 28.Nd2 Qg5
29.Nf3 Qd8 30.Qa1 Bc8 31.Nf1 Qb6 32.Ne3 Nf6 33.Nd2 Bd7 34.Qa8 Be8 35.Qa1 Kf8
36.b4 cxb3  1/2-1/2

[Event "Buenos Aires"]
[Site "Buenos Aires"]
[Date "1988.??.??"]
[Round "?"]
[White "Urday, Henry"]
[Black "Panno, Oscar"]
[Result "1-0"]
[WhiteElo "2425"]
[BlackElo "2515"]

1.e4 e5 2.Nf3 Nc6 3.Bb5 a6 4.Ba4 Nf6 5.O-O Be7 6.Re1 b5 7.Bb3 d6 8.c3 O-O
9.h3 Nb8 10.d4 Nbd7 11.a4 Bb7 12.Nbd2 c5 13.d5 c4 14.Bc2 Nc5 15.Nf1 Rb8 16.Ng3 g6
17.Be3 Qc7 18.Qd2 Bc8 19.Ra2 Bd7 20.axb5 Bxb5 21.Nh2 Nfd7 22.Ng4 Qd8 23.Bh6 Re8
24.f4 Bh4 25.Kh2 Nf6 26.Nxf6+ Qxf6 27.Rf1 exf4 28.Rxf4 Bxg3+ 29.Kxg3 Qe5
30.Qd4 Qxd4 31.cxd4 Nd3 32.Bxd3 cxd3 33.b3 Bd7 34.Rf3 Rxb3 35.Rxa6 f5 36.exf5 Bxf5
37.Kh4 Rb4 38.g4 Rxd4 39.Rxd6 d2 40.Bxd2  1-0

[Event "Buenos Aires"]
[Site "Buenos Aires"]
[Date "1988.??.??"]
[Round "?"]
[White "Urday, Henry"]
[Black "Cuasnicu, Oscar"]
[Result "1/2-1/2"]
[WhiteElo "2425"]
[BlackElo "2370"]

1.e4 e5 2.Nf3 Nc6 3.Bb5 a6 4.Ba4 Nf6 5.O-O b5 6.Bb3 Be7 7.c3 O-O 8.Re1 d6
9.h3 Nb8 10.d4 Nbd7 11.a4 Bb7 12.Nbd2 h6 13.Bc2 Re8 14.b4 Bf8 15.Bb2 g6 16.d5 c6
17.dxc6 Bxc6 18.c4 Qc7 19.Qe2 bxa4 20.Bxa4 Bxa4 21.Rxa4 Rec8 22.Rea1 Qb7
23.Bc3 Be7 24.Qd3 Nb6 25.Ra5 Qc7 26.c5 Nbd7 27.cxd6 Bxd6 28.Rxa6 Rxa6 29.Rxa6 Be7
30.Ra3 Nh5 31.g3 Nhf6 32.Qe3 Kh7 33.Rb3 Qd6 34.b5 Qe6 35.Kg2 Bc5 36.Qe1 Bb6
37.Qb1 Bxf2 38.Kxf2 Qxh3 39.Qf1 Ng4+ 40.Ke2 Qxg3 41.b6 Qf4 42.Qg1 Nc5 43.b7 Nxb7
44.Rxb7 Rxc3 45.Rxf7+ Qxf7 46.Qxg4  1/2-1/2

[Event "Espoo"]
[Site "Espoo"]
[Date "1988.??.??"]
[Round "9"]
[White "Ebeling, Mika"]
[Black "Valkesalmi, Kimmo"]
[Result "1/2-1/2"]
[WhiteElo "2320"]
[BlackElo "2425"]

1.e4 e5 2.Nf3 Nc6 3.Bb5 a6 4.Ba4 Nf6 5.O-O Be7 6.Re1 b5 7.Bb3 d6 8.c3 O-O
9.h3 Nb8 10.d4 Nbd7 11.Nbd2 Bb7 12.Bc2 c5 13.Nf1 Re8 14.Ng3 Bf8 15.d5 g6
16.a4 c4 17.Bg5 h6 18.Be3 Nc5 19.Qd2 h5 20.Bg5 Be7 21.Ra3 Rb8 22.Qe3 Bc8
23.axb5 axb5 24.Rea1 Nh7 25.Bxe7 Rxe7 26.Nd2 Rc7 27.b4 cxb3 28.Nxb3 Bd7 29.Nxc5 Rxc5
30.Bd3 Qg5 31.Qxg5 Nxg5 32.h4 Nh7 33.Rb1 Rbc8 34.Ne2 f5 35.Ra6 fxe4 36.Bxe4 Nf6
37.Rxd6 Kg7 38.f3 R8c7 39.Ra1 Nxe4 40.fxe4 Bg4 41.Ng3 Rxc3 42.Kh2 Bc8 43.Rb6 Rb3
44.Ra5 Re3 45.Rbxb5 Rcc3 46.Ra7+ Kf8 47.Rb8 Ke8 48.d6 Red3 49.Re7+ Kd8 50.Rg7 Rxd6
51.Rg8+ Kd7 52.Rg7+ Kd8 53.Rg8+ Kd7 54.Rg7+  1/2-1/2

[Event "FIN-SWE"]
[Site "?"]
[Date "1988.??.??"]
[Round "2"]
[White "Hellers, Ferdinand"]
[Black "Valkesalmi, Kimmo"]
[Result "0-1"]
[WhiteElo "2485"]
[BlackElo "2425"]

1.e4 e5 2.Nf3 Nc6 3.Bb5 a6 4.Ba4 Nf6 5.O-O Be7 6.Re1 b5 7.Bb3 d6 8.c3 O-O
9.h3 Nb8 10.d4 Nbd7 11.Nbd2 Bb7 12.Bc2 c5 13.Nf1 Re8 14.Ng3 Bf8 15.d5 g6
16.Bg5 h6 17.Be3 c4 18.Qd2 h5 19.Rf1 Nc5 20.Ng5 Bh6 21.Rae1 h4 22.Nh1 Rf8
23.b4 cxb3 24.axb3 Nh5 25.Nf3 Bf4 26.Bxf4 Nxf4 27.g3 Nxh3+ 28.Kg2 Bc8 29.Qh6 Ra7
30.Qxh4 g5 31.Qh5 f6 32.Nh2 Rh7 33.Qf3 Qd7 34.Bd1 f5 35.exf5 Rxf5 36.Qg4 Qf7
37.Bc2 Qxd5+ 38.Nf3 Rhf7 39.Re3 Rxf3 40.Qxc8+ Rf8 41.Bh7+ Kg7  0-1

[Event "FIN-ch"]
[Site "Helsinki"]
[Date "1988.??.??"]
[Round "15"]
[White "Ebeling, Mika"]
[Black "Valkesalmi, Kimmo"]
[Result "0-1"]
[WhiteElo "2320"]
[BlackElo "2425"]

1.e4 e5 2.Nf3 Nc6 3.Bb5 a6 4.Ba4 Nf6 5.O-O Be7 6.Re1 b5 7.Bb3 d6 8.c3 O-O
9.h3 Nb8 10.d4 Nbd7 11.Nbd2 Bb7 12.Bc2 Re8 13.b4 Bf8 14.a4 Nb6 15.a5 Nbd7
16.Bb2 Rb8 17.Rb1 Ba8 18.Ba1 g6 19.dxe5 Nxe5 20.Nxe5 dxe5 21.c4 bxc4 22.Bc3 Bc6
23.Qe2 Bb5 24.Nxc4 c5 25.bxc5 Rc8 26.Bb3 Rxc5 27.Bb4 Rc6 28.Bxf8 Rxf8 29.Qa2 Bxc4
30.Bxc4 Qc7 31.Rb4 Rc8 32.Bb3 Rc1 33.Rxc1 Qxc1+ 34.Kh2 Ng4+ 35.hxg4 Qh6+
36.Kg3 Qf4+ 37.Kh3 Qh6+ 38.Kg3 Qf4+ 39.Kh3 Rc3+ 40.g3 Qh6+ 41.Kg2 Rc1 42.Rb8+ Kg7
43.Kf3 Re1  0-1

[Event "Madrid rapid"]
[Site "Madrid"]
[Date "1988.??.??"]
[Round "1"]
[White "Sokolov, Andrei"]
[Black "Portisch, Lajos"]
[Result "1/2-1/2"]
[WhiteElo "2595"]
[BlackElo "2610"]

1.e4 e5 2.Nf3 Nc6 3.Bb5 a6 4.Ba4 Nf6 5.O-O Be7 6.Re1 b5 7.Bb3 d6 8.c3 O-O
9.h3 Nb8 10.d4 Nbd7 11.Nbd2 Bb7 12.a4 c5 13.Bc2 Re8 14.Nf1 Bf8 15.Ng3 g6
16.Bg5 h6 17.Bd2 Bg7 18.d5 Nb6 19.Bc1 Qc7 20.Nd2 c4 21.Ndf1 Nbd7 22.Be3 Nc5
23.Nh2 Rab8 24.axb5 axb5 25.Ng4 Nxg4 26.hxg4 Qe7 27.f3 Bf6 28.Qd2 Bg5 29.Ra5 Bc8
30.Rea1 Bd7 31.Nf1 Rec8 32.Ra7 Bxe3+ 33.Qxe3 Qg5 34.Qxg5 hxg5 35.Ne3 Kf8
36.Kf2 Rb7 37.Rxb7 Nxb7 38.Ra7 Nc5 39.Ke2  1/2-1/2

[Event "URS-chT"]
[Site "Naberezhnie Chelni"]
[Date "1988.??.??"]
[Round "?"]
[White "Timoshenko, Georgy"]
[Black "Balashov, Yuri S"]
[Result "1/2-1/2"]
[WhiteElo "2515"]
[BlackElo "2540"]

1.e4 e5 2.Nf3 Nc6 3.Bb5 a6 4.Ba4 Nf6 5.O-O Be7 6.Re1 b5 7.Bb3 d6 8.c3 O-O
9.h3 Nb8 10.d4 Nbd7 11.Nbd2 Bb7 12.Bc2 Re8 13.b3 Bf8 14.Bb2 g6 15.a4 Bg7
16.Bd3 bxa4 17.Rxa4 d5 18.dxe5 Nc5 19.Rd4 Nfd7 20.b4 Ne6 21.Rxd5 Bxd5 22.exd5 Nf4
23.Nc4 Nxd5 24.Be4 c6 25.Na5 Rc8 26.Nxc6 Rxc6 27.Bxd5 Rc7 28.e6 fxe6 29.Rxe6 Rxe6
30.Bxe6+ Kh8 31.Qd6 Ra7 32.Bc1 Qc7 33.Ng5 h6 34.Nf7+ Kh7 35.Be3 Rb7 36.Qxa6 Bxc3
37.Nxh6 Rxb4 38.Ba2 Bd4 39.Ng4 Bxe3 40.Nxe3 Qc1+ 41.Kh2 Qc7+ 42.g3 Rb2 43.Ng4 Ne5
44.Nxe5 Qxe5 45.Qa7+ Qg7 46.Bf7 Rb5 47.Qa2 Rb2 48.Qa7 Rb5 49.Bxg6+ Kxg6 50.Qa6+ Qf6
51.Qxb5  1/2-1/2

[Event "Naestved op"]
[Site "Naestved"]
[Date "1988.??.??"]
[Round "6"]
[White "Jansa, Vlastimil"]
[Black "Brinck Claussen, Bjorn"]
[Result "1/2-1/2"]
[WhiteElo "2470"]
[BlackElo "2375"]

1.e4 e5 2.Nf3 Nc6 3.Bb5 a6 4.Ba4 Nf6 5.O-O Be7 6.Re1 b5 7.Bb3 d6 8.c3 O-O
9.h3 Nb8 10.d4 Nbd7 11.Nbd2 Bb7 12.Bc2 Re8 13.Nf1 Bf8 14.Ng3 g6 15.a4 c5
16.d5 c4 17.Bg5 h6 18.Be3 Nc5 19.Qd2 h5 20.Bg5 Be7 21.Bh6 Nh7 22.Ra3 Rb8
23.Be3 Qc7 24.Rea1 Bc8 25.axb5 axb5 26.Ra7 Rb7 27.Rxb7 Bxb7 28.Qd1 Rb8 29.Ra7 Bd8
30.Nd2  1/2-1/2

[Event "SWE-ch"]
[Site "Norrkoeping"]
[Date "1988.??.??"]
[Round "?"]
[White "Wessman, Richard"]
[Black "Ornstein, Axel"]
[Result "0-1"]
[WhiteElo "2285"]
[BlackElo "2430"]

1.e4 e5 2.Nf3 Nc6 3.Bb5 a6 4.Ba4 Nf6 5.O-O Be7 6.Re1 b5 7.Bb3 O-O 8.c3 d6
9.h3 Nb8 10.d4 Nbd7 11.Nbd2 Bb7 12.Bc2 Re8 13.Nf1 Bf8 14.Ng3 g6 15.a4 c5
16.b4 cxd4 17.cxd4 d5 18.axb5 Bxb4 19.Bd2 Bxd2 20.Qxd2 axb5 21.Rxa8 Qxa8
22.exd5 Bxd5 23.dxe5 Bxf3 24.exf6 Rxe1+ 25.Qxe1 Bxg2 26.Qe7 Bxh3 27.Be4 Qa1+
28.Kh2 Be6 29.Qd8+ Nf8 30.Bg2 Qe5 31.Kg1 b4 32.Ne4 b3 33.Qd2 Nd7 34.Nc3 Nxf6
35.f4 Qc5+ 36.Kh1 Ng4 37.Bf3 Qe3 38.Qxe3 Nxe3 39.Kg1 b2 40.Kf2 Nd5  0-1

[Event "Rilton Cup"]
[Site "Stockholm"]
[Date "1988.??.??"]
[Round "?"]
[White "Stefansson, Hannes"]
[Black "Carlhammar, Magnus"]
[Result "0-1"]
[WhiteElo "2395"]
[BlackElo "2245"]

1.e4 e5 2.Nf3 Nc6 3.Bb5 a6 4.Ba4 Nf6 5.O-O Be7 6.Re1 b5 7.Bb3 d6 8.c3 O-O
9.h3 Nb8 10.d4 Nbd7 11.Nbd2 Bb7 12.Bc2 Re8 13.a4 Bf8 14.Bd3 c6 15.b3 g6 16.Qc2 Qb6
17.Bb2 Bg7 18.b4 c5 19.bxc5 dxc5 20.dxe5 Nh5 21.axb5 axb5 22.Rxa8 Bxa8 23.c4 b4
24.Ra1 Bc6 25.Nf1 Nxe5 26.Nxe5 Bxe5 27.Bxe5 Rxe5 28.Nh2 Nf4 29.Ng4 Re6 30.Qb2 Nxd3
31.Nh6+ Kf8 32.Qh8+ Ke7 33.Qc8 Qd8 34.Ra7+ Ke8 35.Qa6 Bxe4 36.Qa1 Qd4 37.Qa4+ Bc6
38.Ra8+ Ke7 39.Ng8+ Kd6 40.Rd8+ Ke5 41.Rxd4  0-1